000 00303nam a22001337a 4500
008 171023b xxu||||| |||| 00| 0 eng d
020 _a9780834203914
041 _aeng
080 _a338
100 _a54
101 _aMEN
245 _aMAKING MANAGED HEALTHCARE WORK
_cBOLAND.P
942 _2udc
_cBK
999 _c35353
_d35353